Manual de joyeros, con la teorica y practica para con brevedad sacar la cuenta del valor en que se venden, y compran los diamantes, y demas piedras preciosas, y tambien el oro y la plata / (Record no. 164267)

MARC details
000 -LEADER
campo de control de longitud fija 01204nam a22002535i 4500
001 - NÚMERO DE CONTROL
campo de control 164267
003 - IDENTIFICADOR DE NÚMERO DE CONTROL
campo de control ES-MaACL
005 - FECHA Y HORA DE LA ÚLTIMA TRANSACCIÓN
campo de control 20230906212914.0
008 - DATOS DE LONGITUD FIJA--INFORMACIÓN GENERAL
campo de control de longitud fija 991215s1781 sp a |||| | spa d
040 ## - FUENTE DE CATALOGACIÓN
Centro catalogador/agencia de origen CCPB | B
Lengua de catalogación spa
Centro/agencia transcriptor CCPB | B
100 1# - ENTRADA PRINCIPAL--NOMBRE DE PERSONA
Nombre de persona Sáenz Diez, Martín Diego.
9 (RLIN) 132995
245 10 - MENCIÓN DEL TÍTULO
Título Manual de joyeros, con la teorica y practica para con brevedad sacar la cuenta del valor en que se venden, y compran los diamantes, y demas piedras preciosas, y tambien el oro y la plata /
Mención de responsabilidad, etc. su autor Don Martin Diego Saenz Diez,.
260 ## - PUBLICACIÓN, DISTRIBUCIÓN, ETC.
Lugar de publicación, distribución, etc. En Madrid :
Nombre del editor, distribuidor, etc. por D. Antonio de Sancha, ...,
Fecha de publicación, distribución, etc. 1781.
300 ## - DESCRIPCIÓN FÍSICA
Extensión LVI, 711, [1] p., [1] h. de grab. ;
Dimensiones 8º.
530 ## - NOTA DISPONIBLE DE FORMULARIO FÍSICO ADICIONAL
Nota de formato físico adicional disponible Disponible en formato digital.
597 ## - NOTA DE DESCRIPCIÓN FÍSICA
NOTA DE DESCRIPCIÓN FÍSICA Sign.: a-c8, d4, A-Z8, Aa-Xx8, Yy4.
597 ## - NOTA DE DESCRIPCIÓN FÍSICA
NOTA DE DESCRIPCIÓN FÍSICA Port. con grab. calc.: "De la Cruz, sculp."
599 ## - NOTA A LAS ILUSTRACIONES
NOTA A LAS ILUSTRACIONES La h. de grab. es calc.: "De la Cruz sculp."
650 #4 - PUNTO DE ACCESO ADICIONAL DE MATERIA--TÉRMINO DE MATERIA
Término de materia o nombre geográfico como elemento de entrada Joyería-
Subdivisión cronológica S.XVIII.
9 (RLIN) 159044
650 #4 - PUNTO DE ACCESO ADICIONAL DE MATERIA--TÉRMINO DE MATERIA
Término de materia o nombre geográfico como elemento de entrada Joyas-
Subdivisión general Peritaje.
9 (RLIN) 159045
650 #4 - PUNTO DE ACCESO ADICIONAL DE MATERIA--TÉRMINO DE MATERIA
Término de materia o nombre geográfico como elemento de entrada Metales preciosos.
9 (RLIN) 159046
852 ## - LOCALIZACIÓN
Ubicación ES-MaACL
Número de control de estantería R-955
Nota libre -- Enc. pasta española
condición física -- Falto de las pp. XLIX-LVI
Encuadernación -- Olim: G-7612
856 ## - LOCALIZACIÓN Y ACCESO ELECTRÓNICOS
Identificador Uniforme de Recursos <a href="http://bdh-rd.bne.es/viewer.vm?id=0000115693&page=1 ">http://bdh-rd.bne.es/viewer.vm?id=0000115693&page=1 </a>
Nota pública Biblioteca Digital Hispánica
Holdings
Estatus retirado Estado de pérdida Estado de daño No para préstamo Colección Biblioteca de origen Biblioteca actual Ubicación en estantería Fecha de adquisición Fuente de adquisición Total de préstamos Signatura topográfica completa Código de barras Visto por última vez Precio de reemplazo Tipo de ítem Koha
        Colección digital Biblioteca del Ateneo de Madrid Biblioteca del Ateneo de Madrid Depósito 17/01/2008     R-955 1172178 23/02/2023 23/02/2023 Libro impreso antiguo